000 00701cam a2200205 4500
001 2750851
005 20180122043213.0
008 700304s1970 dcu 000 0 engd
010 _a 78605317
040 _aDLC
_cDLC
_dDLC
041 _aeng
080 _a343..0975303 PEN
082 0 0 _a343..0975303 PEN
100 _a14
101 _aJUR
245 1 0 _aAnti-crime proposals.
530 _aAlso available in digital form on the Library of Congress Web site.
906 _a7
_bcbc
_corignew
_du
_encip
_f19
_gy-gencatlg
942 _2ddc
_cBK
999 _c40646
_d40646